000 00383pab a2200145 454500
008 180718b1995 xxu||||| |||| 00| 0 eng d
100 _aMandal, Kalyan K.
245 _aVillage-level workers and rural development
_ba case study.
260 _c1995
300 _ap.44-45
362 _aJun
650 _aRural development - India - Case studies
773 _aYojana
909 _a29098
999 _c29098
_d29098